| 000 | 00381cam a2200145ua 4500 | ||
|---|---|---|---|
| 041 |
_amal _h |
||
| 082 |
_a894.81209 _bTAG/PR |
||
| 100 | _aTagore, Rabindranath . | ||
| 245 |
_aPracheena Sahithyam / _cRabindranath Tagore. _hTextual Documents |
||
| 260 |
_aQuilon : _bS.T.Redyar and sons.V.V.Press , _c1962. |
||
| 300 | _a161 ; . | ||
| 504 | _a | ||
| 942 | _cBK | ||
| 999 |
_c857 _d857 |
||